00634nam a2200217Ia 4500003000400000008004100004040001600045082002400061100002100085245007300106700001700179700002100196260003900217300000900256650002500265650002400290650002600314650002400340650002700364650002500391GCL140319s9999 xx 000 0 eng d aGCL / cGCL04a379.1552091724bM V1 aMIDDLRCTOM, JOHN10aVocational and Technical Education and trining / cMIDDLRCTOM, JOHN1 aADAMS, AVRIL1 aZIDERMAN, ADRIAN a[S.N] : bTHE WORLD BANK ، c1991 a83 P04aVOCATIONAL EDUCOTION04aTECHNICAL EDUCATION04aOCCUPATIONEL TRAINING04aEDUCATION AND STATE04aEDUCATIONAL ASSISTANCE04aDEVELOPING COUNTRIES